Rules of pronunciation for the English language : (Record no. 50304)
[ view plain ]
| 000 -LEADER | |
|---|---|
| fixed length control field | 00881nam a2200253 a 4500 |
| 001 - CONTROL NUMBER | |
| control field | 50304 |
| 003 - CONTROL NUMBER IDENTIFIER | |
| rucl marc code | BD-RjUL |
| 005 - DATE AND TIME OF LATEST TRANSACTION | |
| control field | 20211209075505.0 |
| 008 - FIXED-LENGTH DATA ELEMENTS--GENERAL INFORMATION | |
| fixed length control field | 160824s1966 enk 000 0 eng c |
| 035 ## - SYSTEM CONTROL NUMBER | |
| System control number | (BD-RjUL) 50424 |
| 040 ## - CATALOGING SOURCE | |
| Original cataloging agency | MSC |
| Transcribing agency | MSC |
| Modifying agency | UKM |
| -- | EQO |
| -- | BD-RjUL |
| Language of cataloging | eng |
| 041 ## - LANGUAGE CODE | |
| Language code of text/sound track or separate title | eng |
| 082 04 - DEWEY DECIMAL CLASSIFICATION NUMBER | |
| Classification number | 421.5 |
| Edition number | 23 |
| Author mark and year | WIR 1966 |
| 100 1# - MAIN ENTRY--PERSONAL NAME | |
| Personal name | Wijk, Axel, |
| Dates associated with a name | 1901- |
| 9 (RLIN) | 150755 |
| 245 10 - TITLE STATEMENT | |
| Title | Rules of pronunciation for the English language : |
| Remainder of title | an account of the relationship between English spelling and pronunciation / |
| Statement of responsibility, etc. | Axel Wijk |
| 260 ## - PUBLICATION, DISTRIBUTION, ETC. (IMPRINT) | |
| Place of publication, distribution, etc. | London : |
| Name of publisher, distributor, etc. | Qxford University Press, |
| Date of publication, distribution, etc. | 1966 |
| 300 ## - PHYSICAL DESCRIPTION | |
| Pagination | 160 p. ; |
| Size | 22 cm. |
| 490 ## - SERIES STATEMENT | |
| Series statement | Language and language learning |
| 500 ## - GENERAL NOTE | |
| General note | Includes index. |
| 650 #0 - SUBJECT ADDED ENTRY--TOPICAL TERM | |
| Topical term or geographic name as entry element | English language |
| General subdivision | Pronunciation |
| 9 (RLIN) | 117012 |
| Topical term or geographic name as entry element | English language |
| General subdivision | Orthography and spelling |
| 9 (RLIN) | 149822 |
| 830 ## - SERIES ADDED ENTRY--UNIFORM TITLE | |
| Uniform title | Language and language learning |
| 942 ## - ADDED ENTRY ELEMENTS (KOHA) | |
| Source of classification or shelving scheme | Dewey Decimal Classification |
| Koha item type | Books |
| Lost status | Source of classification or shelving scheme | Damaged status | Not for loan | Collection code | Permanent Location | Current Location | Shelving location | Date acquired | Source of acquisition | Cost, normal purchase price | Total Checkouts | Full call number | Date last seen | Date checked out | Copy number | Koha item type |
|---|---|---|---|---|---|---|---|---|---|---|---|---|---|---|---|---|
| Dewey Decimal Classification | Non-fiction | Central Library, University of Rajshahi | Central Library, University of Rajshahi | 02/11/1968 | Zeitlinger | 10.00 | 2 | 421.5 WIR 1966 | 29/11/2022 | 14/11/2022 | C-2 | Books |